[Event "Krasnoyarsk Region-ch"]
[Site "Krasnoyarsk"]
[Date "2016.10.08"]
[Round "10"]
[White "Bulchaev, Nurdi"]
[Black "Miroshnichenko, Grigory"]
[Result "1-0"]
[WhiteElo "2046"]
[BlackElo "1920"]
[PlyCount "39"]
[EventDate "2016.09.29"]
[EventType "swiss"]
[EventRounds "11"]
[EventCountry "RUS"]
[SourceTitle "EXT 2018"]
[Source "ChessBase"]
[SourceDate "2017.10.13"]
[SourceVersion "1"]
[SourceVersionDate "2017.10.13"]
[SourceQuality "1"]

1. e4 d5 2. exd5 Qxd5 3. Nf3 Nf6 4. Nc3 Qa5 5. Bc4 Bf5 6. d3 c6 7. Bd2 Qc7 8. a4 e6 9. Qe2 Be7 10. h3 Nbd7 11. g3 Bg6 12. Nh4 0-0-0 13. 0-0-0 Rhe8 14. f4 Nb6 15. Bb3 Nbd5 16. Kb1 Bd6 17. Ne4 Nxf4 18. gxf4 Bh5 19. Nxd6+ Qxd6 20. Nf3 1-0

[Event "Krasnoyarsk Region-ch"]
[Site "Krasnoyarsk"]
[Date "2016.10.02"]
[Round "4"]
[White "Bychkov, Vladimir"]
[Black "Bulchaev, Nurdi"]
[Result "1-0"]
[WhiteElo "2216"]
[BlackElo "2046"]
[PlyCount "105"]
[EventDate "2016.09.29"]
[EventType "swiss"]
[EventRounds "11"]
[EventCountry "RUS"]
[SourceTitle "EXT 2018"]
[Source "ChessBase"]
[SourceDate "2017.10.13"]
[SourceVersion "1"]
[SourceVersionDate "2017.10.13"]
[SourceQuality "1"]

1. c4 e5 2. Nc3 Nf6 3. Nf3 Nc6 4. d3 d5 5. cxd5 Nxd5 6. Qa4 Nb6 7. Qc2 Be7 8. e3 Bf5 9. a3 Qd7 10. b4 a6 11. Ne4 Rd8 12. Bb2 f6 13. Nc5 Bxc5 14. bxc5 Nc8 15. Rd1 N8e7 16. Be2 0-0 17. 0-0 Kh8 18. Ba1 Bg6 19. Qb3 Na5 20. Qc3 Nac6 21. Qb2 Ra8 22. h3 Nd5 23. Nd2 f5 24. Nc4 Rfe8 25. Bf3 Rab8 26. Rfe1 Re7 27. e4 Nf4 28. exf5 Bxf5 29. Nxe5 Nxe5 30. Rxe5 Nxd3 31. Rxd3 Bxd3 32. c6 Qe8 33. Rxe7 Qxe7 34. cxb7 c6 35. Bxc6 Bb5 36. Bf3 Be2 37. Qxe2 Qxe2 38. Bxe2 Rxb7 39. Bc3 Rb3 40. Bb4 a5 41. Bd6 Rb1+ 42. Bf1 Kg8 43. g3 Kf7 44. Be5 g6 45. Kg2 Ke6 46. Bc3 a4 47. Bc4+ Kd6 48. Bb4+ Kc6 49. Bg8 Kb6 50. Bxh7 Rxb4 51. axb4 a3 52. Bg8 Kb5 53. Kf3 1-0

[Event "Krasnoyarsk Marchko Memorial"]
[Site "Krasnoyarsk"]
[Date "2011.12.22"]
[Round "6"]
[White "Bulchaev, Nurdi"]
[Black "Keosidi, Konstantin"]
[Result "0-1"]
[WhiteElo "2020"]
[BlackElo "2390"]
[PlyCount "146"]
[EventDate "2011.12.17"]
[EventType "tourn"]
[EventRounds "9"]
[EventCountry "RUS"]
[SourceTitle "EXT 2013"]
[Source "ChessBase"]
[SourceDate "2012.11.22"]
[SourceVersion "1"]
[SourceVersionDate "2012.11.22"]
[SourceQuality "1"]

1. e4 e5 2. Nf3 Nf6 3. Nc3 Bb4 4. Bc4 0-0 5. d3 d5 6. exd5 Nxd5 7. Bd2 Nxc3 8. bxc3 Bd6 9. Qe2 h6 10. 0-0 Qf6 11. Rab1 Nd7 12. h3 Nb6 13. Bb3 Bf5 14. Nh2 Rfe8 15. Qf3 e4 16. dxe4 Qe5 17. g3 Bxe4 18. Qg4 h5 19. Qg5 Qxg5 20. Bxg5 c5 21. c4 Bc6 22. Rbd1 Bc7 23. Rfe1 Rxe1+ 24. Rxe1 Nd7 25. c3 f6 26. Bc1 Ne5 27. Rd1 Re8 28. Be3 b6 29. g4 hxg4 30. hxg4 Kf7 31. Bf4 Nf3+ 32. Nxf3 Bxf4 33. Ne1 Rh8 34. f3 Be5 35. Rd3 Ke7 36. Re3 Kd6 37. Ng2 Kc7 38. f4 Bd6 39. Bd1 Re8 40. Rxe8 Bxe8 41. Kf2 Bf7 42. Be2 g5 43. Ke3 gxf4+ 44. Nxf4 Be5 45. Nd5+ Kd6 46. Kd3 Bg6+ 47. Kd2 Be4 48. Bd3 Bf3 49. Bf5 b5 50. Ne3 b4 51. cxb4 cxb4 52. Kd3 a5 53. Be4 Bxe4+ 54. Kxe4 a4 55. Kd3 Kc5 56. Nc2 b3 57. axb3 axb3 58. Na3 Kb4 59. Nb1 b2 60. Nd2 Bf4 61. Nb1 Kb3 62. c5 Bc7 63. c6 Ba5 64. Kd4 Ka2 65. Nd2 Bxd2 66. c7 Bc3+ 67. Kd5 b1Q 68. c8Q Qd1+ 69. Ke4 Qc2+ 70. Kf3 Qd3+ 71. Kg2 Kb2 72. Qe6 Kc1 73. Qc8 Qe4+ 0-1

[Event "Krasnoyarsk Marchko Memorial"]
[Site "Krasnoyarsk"]
[Date "2011.12.19"]
[Round "3"]
[White "Pavlov, Oleg Yuryevich"]
[Black "Bulchaev, Nurdi"]
[Result "1-0"]
[WhiteElo "2276"]
[BlackElo "2020"]
[PlyCount "43"]
[EventDate "2011.12.17"]
[EventType "tourn"]
[EventRounds "9"]
[EventCountry "RUS"]
[SourceTitle "EXT 2013"]
[Source "ChessBase"]
[SourceDate "2012.11.22"]
[SourceVersion "1"]
[SourceVersionDate "2012.11.22"]
[SourceQuality "1"]

1. d4 d5 2. Nf3 Nf6 3. c4 c6 4. Nc3 dxc4 5. a4 e6 6. e4 Bb4 7. e5 Nd5 8. Bd2 Bxc3 9. bxc3 b5 10. Ng5 Qe7 11. Qh5 a5 12. h4 Nd7 13. Ne4 0-0 14. Rh3 Ba6 15. Rg3 Kh8 16. Ng5 h6 17. Ne4 f6 18. Rg6 Rf7 19. Nd6 Raf8 20. Nxf7+ Rxf7 21. axb5 Bxb5 22. Bxh6 1-0

[Event "Krasnoyarsk Marchko Memorial"]
[Site "Krasnoyarsk"]
[Date "2011.12.18"]
[Round "2"]
[White "Bulchaev, Nurdi"]
[Black "Anikonov, Dmitry"]
[Result "1/2-1/2"]
[WhiteElo "2020"]
[BlackElo "2000"]
[PlyCount "48"]
[EventDate "2011.12.17"]
[EventType "tourn"]
[EventRounds "9"]
[EventCountry "RUS"]
[SourceTitle "EXT 2013"]
[Source "ChessBase"]
[SourceDate "2012.11.22"]
[SourceVersion "1"]
[SourceVersionDate "2012.11.22"]
[SourceQuality "1"]

1. e4 d6 2. Nc3 g6 3. f4 Bg7 4. Nf3 c5 5. Bc4 Nc6 6. 0-0 e6 7. f5 gxf5 8. exf5 d5 9. fxe6 fxe6 10. Bb5 Bd7 11. d3 Nf6 12. Bxc6 Bxc6 13. Ne5 0-0 14. Bg5 Qd6 15. Bf4 Qe7 16. Nxc6 bxc6 17. Qe2 Nd7 18. Rae1 e5 19. Qg4 Rab8 20. Bg5 Qd6 21. b3 Rb4 22. Qg3 Qe6 23. Bd2 Rbb8 24. Ne2 Rbe8 1/2-1/2

[Event "Krasnoyarsk op"]
[Site "Krasnoyarsk"]
[Date "2009.10.02"]
[Round "2"]
[White "Bulchaev, Nurdi"]
[Black "Kovalishin, Igor"]
[Result "1-0"]
[WhiteElo "2053"]
[BlackElo "1972"]
[PlyCount "73"]
[EventDate "2009.10.01"]
[EventType "swiss"]
[EventRounds "11"]
[EventCountry "RUS"]
[SourceTitle "EXT 2010"]
[Source "ChessBase"]
[SourceDate "2010.11.25"]
[SourceVersion "1"]
[SourceVersionDate "2010.11.25"]
[SourceQuality "1"]

1. e4 c5 2. Nf3 d6 3. d4 cxd4 4. Nxd4 Nf6 5. Nc3 a6 6. Be2 e6 7. 0-0 Be7 8. f4 Qc7 9. Be3 0-0 10. Kh1 Nc6 11. a3 Bd7 12. Qe1 Rac8 13. Qg3 e5 14. Nb3 Na5 15. fxe5 dxe5 16. Bh6 g6 17. Bxf8 Kxf8 18. Rxf6 Bxf6 19. Nd5 Nxb3 20. Nxc7 Nxa1 21. Qd3 Bc6 22. Bf3 Kg7 23. Qd1 Nxc2 24. Ne6+ fxe6 25. Qxc2 Bg5 26. g3 Rd8 27. Qc4 Be3 28. Qxe6 Rd1+ 29. Kg2 Rd2+ 30. Kf1 Rf2+ 31. Ke1 Rxf3 32. Ke2 Bxe4 33. Qxe5+ Rf6 34. Qxe4 Bg1 35. Qxb7+ Kh6 36. Qg2 Bd4 37. Qh3+ 1-0

[Event "Izmailov Memorial op 12th"]
[Site "Tomsk"]
[Date "2008.06.27"]
[Round "3"]
[White "Kartashov, Dmitry"]
[Black "Bulchaev, Nurdi"]
[Result "1-0"]
[WhiteElo "2252"]
[BlackElo "2032"]
[PlyCount "75"]
[EventDate "2008.06.25"]
[EventType "swiss"]
[EventRounds "9"]
[EventCountry "RUS"]
[SourceTitle "CBM 125 Extra"]
[Source "ChessBase"]
[SourceDate "2008.09.01"]
[SourceVersion "1"]
[SourceVersionDate "2008.09.01"]
[SourceQuality "1"]

1. d4 d5 2. c4 c6 3. Nc3 Nf6 4. Nf3 g6 5. cxd5 cxd5 6. Bf4 Nc6 7. e3 Bg7 8. Be2 0-0 9. 0-0 Nh5 10. Ne5 Nxf4 11. exf4 e6 12. Qd2 h5 13. g3 Ne7 14. Rac1 a6 15. Na4 Nf5 16. Rfd1 Nd6 17. Qb4 Nf5 18. Qb6 Bf6 19. Bd3 Qe8 20. Bxf5 Qxa4 21. Bc2 Qe8 22. Bb1 Bd8 23. Qb3 Kg7 24. Rc3 b6 25. Rdc1 Bb7 26. Rc7 Bxc7 27. Rxc7 Rc8 28. Rxb7 Rc1+ 29. Kg2 Qc8 30. Rd7 Kh6 31. Qd3 f5 32. g4 Qxd7 33. g5+ Kg7 34. Nxd7 Rfc8 35. Nc5 Re1 36. Bc2 Rc6 37. a3 Rc8 38. Qd2 1-0